Statistics for Random European Capitals - Map Quiz

Click here to take the quiz!

General Stats

  • This quiz has been taken 284 times
  • The average score is 9 of 10

Answers on the Map

Answers color-coded by a green-red scale on the quiz's map according to % correct below.
 

Answer Stats

Answer% Correct
Berlin
100%
Bucharest
100%
Dublin
100%
Tirana
100%
Warsaw
96%
Athens
95%
Brussels
95%
Lisbon
95%
Amsterdam
94%
Helsinki
94%
Luxembourg
94%
Paris
94%
Prague
94%
Reykjavik
93%
Oslo
92%
Stockholm
92%
Kiev
91%
Madrid
91%
Moscow
91%
Sofia
91%
Andorra la Vella
90%
Tallinn
90%
Copenhagen
89%
London
89%
San Marino
89%
Vienna
87%
Riga
83%
Monaco
82%
Podgorica
81%
Rome/Vatican
80%
Belgrade
77%
Bern
77%
Chisinau
77%
Bratislava
76%
Skopje
76%
Ljubljana
75%
Budapest
73%
Pristina
71%
Valletta
70%
Zagreb
70%
Sarajevo
67%
Vilnius
67%
Vaduz
60%
Minsk
59%

Score Distribution

Percentile by Number Answered

Percent of People with Each Score

Your Score History

You have not taken this quiz